[Event "Aragon-chT Preferente Gr I"]
[Site "Aragon"]
[Date "2023.02.04"]
[Round "2.40"]
[White "Roman Gimeno, Javier"]
[Black "Berges Guillera, Fernando"]
[Result "1-0"]
[WhiteElo "1899"]
[BlackElo "1485"]
[PlyCount "63"]
[EventDate "2023.01.28"]
[EventType "team-tourn"]
[EventRounds "9"]
[EventCountry "ESP"]
[SourceTitle "EXT 2024"]
[Source "ChessBase"]
[SourceDate "2023.10.10"]
[SourceVersion "1"]
[SourceVersionDate "2023.10.10"]
[SourceQuality "1"]
[WhiteTeam "Las Fuentes"]
[BlackTeam "Binefar"]
[WhiteTeamCountry "ESP"]
[BlackTeamCountry "ESP"]

1. d4 d5 2. Nf3 Nf6 3. c4 e6 4. g3 Be7 5. Bg2 0-0 6. 0-0 dxc4 7. Ne5 Nc6 8. Nxc6 bxc6 9. Bxc6 Rb8 10. e3 Ba6 11. Nc3 Rb6 12. Bg2 c5 13. dxc5 Bxc5 14. Na4 c3 15. Nxb6 Bxf1 16. Qxf1 cxb2 17. Bxb2 Bxb6 18. Ba3 Re8 19. Bc6 h6 20. Bxe8 Qxe8 21. Qc4 Qa8 22. Rc1 Qf3 23. Qc6 Nd5 24. Bc5 Qe2 25. Bxb6 axb6 26. Qc8+ Kh7 27. Qc2+ Qxc2 28. Rxc2 f5 29. Kf1 g5 30. Rc6 g4 31. Rxe6 b5 32. Re5 1-0